| 000 | 01092nam a2200253 a 4500 | ||
|---|---|---|---|
| 001 | 000025917 | ||
| 003 | DO-SdBNP | ||
| 005 | 20180409131123.0 | ||
| 007 | 000025917 | ||
| 008 | 110224s2005 dr 000 0 spa d | ||
| 040 |
_aBPMET _bspa _cBPMET |
||
| 092 |
_aR016.86 _bD722o |
||
| 245 | 0 | 0 |
_a225 obras recomendables de la literatura dominicana : _bguía preliminar de lectura para maestros y estudiantes / _cSelección y redacción Miguel Collado. |
| 246 | 0 | 0 | _aDoscientos veinticinco obras recomendables de la literatura dominicana: guía preliminar de lectura para maestros y estudiantes |
| 246 | 0 | 0 | _aGuía preliminar de lectura para maestros y estudiantes |
| 260 |
_aSanto Domingo : _bSecretaría de Estado de Educación ; _bDirección General de Cultura, _c2005. |
||
| 300 |
_a34 p. ; _c23 cm. |
||
| 500 | _aIncluye datos biográficos del compilador en la contracubierta | ||
| 650 | 4 |
_aLITERATURA DOMINICANA _xBIBLIOGRAFÍAS |
|
| 700 | 1 |
_aCollado, Miguel _4comp. |
|
| 942 |
_2ddc _cBK |
||
| 945 | _aRemanejado para la BNPHU / 2018 | ||
| 956 |
_aVMATEO _b10 _c20150306 _lBNPHU _h00151 |
||
| 999 |
_c7562 _d7562 |
||